[Event "Iran Men Final Chess Championship2015"]
[Site "Iran - Tehran"]
[Date "2016.01.24"]
[Round "7"]
[Board "6"]
[White "Ghaem Maghami, Ehsan"]
[Black "Maghsoodloo, Parham"]
[Result "0-1"]
[WhiteElo "2594"]
[BlackElo "2450"]
[PlyCount "0"]
[EventDate "2016.01.20"]
[EventRounds "11"]
[EventCountry "IRI"]

1. Nf3 {[%clk 1:30:46]} Nf6 {[%clk 1:29:42]} 2. c4 {[%clk 1:31:04]} g6
{[%clk 1:29:56]} 3. Nc3 {[%clk 1:30:19]} Bg7 {[%clk 1:29:28]} 4. e4
{[%clk 1:30:21]} d6 {[%clk 1:29:49]} 5. d4 {[%clk 1:30:26]} O-O {[%clk 1:29:53]}
6. Be2 {[%clk 1:29:01]} e5 {[%clk 1:25:34]} 7. Be3 {[%clk 1:28:09]} Nbd7
{[%clk 1:21:00]} 8. O-O {[%clk 1:27:05]} c6 {[%clk 1:20:49]} 9. d5
{[%clk 1:25:03]} c5 {[%clk 1:13:23]} 10. a3 {[%clk 1:14:26]} Kh8 {[%clk 1:00:50]}
11. b4 {[%clk 1:09:13]} Ng4 {[%clk 0:56:57]} 12. Bg5 {[%clk 1:07:19]} f6
{[%clk 0:57:05]} 13. Bd2 {[%clk 1:05:56]} Nh6 {[%clk 0:57:33]} 14. Qc1
{[%clk 1:00:11]} Nf7 {[%clk 0:57:31]} 15. Qc2 {[%clk 0:57:21]} Bh6
{[%clk 0:56:07]} 16. Bd3 {[%clk 0:55:27]} Bxd2 {[%clk 0:54:01]} 17. Qxd2
{[%clk 0:54:37]} a5 {[%clk 0:52:33]} 18. Na4 {[%clk 0:47:49]} Qc7
{[%clk 0:47:52]} 19. Rfb1 {[%clk 0:43:56]} axb4 {[%clk 0:44:27]} 20. axb4
{[%clk 0:44:11]} Re8 {[%clk 0:43:42]} 21. Qb2 {[%clk 0:41:05]} Kg7
{[%clk 0:38:45]} 22. Nd2 {[%clk 0:39:15]} Re7 {[%clk 0:35:03]} 23. Ra3
{[%clk 0:35:22]} Ra6 {[%clk 0:26:38]} 24. Rba1 {[%clk 0:27:03]} cxb4
{[%clk 0:25:11]} 25. Qxb4 {[%clk 0:27:08]} Nc5 {[%clk 0:25:25]} 26. Bc2
{[%clk 0:26:19]} Bd7 {[%clk 0:25:26]} 27. Nxc5 {[%clk 0:15:13]} dxc5
{[%clk 0:25:50]} 28. Qb2 {[%clk 0:15:35]} Rxa3 {[%clk 0:25:53]} 29. Rxa3
{[%clk 0:15:56]} Nd6 {[%clk 0:26:18]} 30. Bd3 {[%clk 0:16:04]} Re8
{[%clk 0:26:15]} 31. h3 {[%clk 0:12:20]} Rb8 {[%clk 0:25:36]} 32. Ra7
{[%clk 0:10:44]} Nc8 {[%clk 0:23:47]} 33. Ra3 {[%clk 0:11:07]} b6
{[%clk 0:21:33]} 34. Qa1 {[%clk 0:09:44]} Rb7 {[%clk 0:21:45]} 35. Nb1
{[%clk 0:09:07]} Ra7 {[%clk 0:22:08]} 36. Rxa7 {[%clk 0:09:22]} Qxa7
{[%clk 0:22:31]} 37. Qxa7 {[%clk 0:09:44]} Nxa7 {[%clk 0:22:55]} 38. Nc3
{[%clk 0:09:30]} Nc8 {[%clk 0:23:02]} 39. Kf1 {[%clk 0:08:18]} Nd6
{[%clk 0:23:24]} 40. g4 {[%clk 0:01:21]} Kf7 {[%clk 0:23:30]} 41. Ke2
{[%clk 0:01:21]} Ke7 {[%clk 0:23:53]} 42. Kd2 {[%clk 0:26:52]} Kd8
{[%clk 0:53:23]} 43. Be2 {[%clk 0:25:58]} Kc7 {[%clk 0:53:14]} 44. Kc2
{[%clk 0:25:13]} h6 {[%clk 0:51:22]} 45. h4 {[%clk 0:20:54]} Kd8 {[%clk 0:49:56]}
46. Kd3 {[%clk 0:18:11]} f5 {[%clk 0:48:28]} 47. f4 {[%clk 0:08:52]} exf4
{[%clk 0:40:53]} 48. gxf5 {[%clk 0:07:48]} Nf7 {[%clk 0:40:03]} 49. fxg6
{[%clk 0:07:26]} Ne5+ {[%clk 0:40:26]} 50. Kd2 {[%clk 0:06:18]} Nxg6
{[%clk 0:40:51]} 51. Bh5 {[%clk 0:04:56]} Ne5 {[%clk 0:41:13]} 52. Ne2
{[%clk 0:04:47]} f3 {[%clk 0:41:18]} 53. Ng3 {[%clk 0:03:59]} Nxc4+
{[%clk 0:41:39]} 54. Kd3 {[%clk 0:03:32]} Ne5+ {[%clk 0:35:12]} 55. Ke3
{[%clk 0:04:00]} Ke7 {[%clk 0:35:28]} 56. Bxf3 {[%clk 0:04:01]} b5
{[%clk 0:35:53]} 57. Be2 {[%clk 0:03:03]} b4 {[%clk 0:32:09]} 58. Nf1
{[%clk 0:03:25]} Kd6 {[%clk 0:32:14]} 59. Nd2 {[%clk 0:02:59]} Bg4
{[%clk 0:32:43]} 60. Bb5 {[%clk 0:01:48]} Bd1 {[%clk 0:33:04]} 61. Bc4
{[%clk 0:01:09]} Bc2 {[%clk 0:32:47]} 62. Bb5 {[%clk 0:01:09]} h5
{[%clk 0:28:41]} 63. Bc4 {[%clk 0:01:05]} Ke7 {[%clk 0:26:30]} 64. Bb5
{[%clk 0:00:48]} Kf6 {[%clk 0:25:18]} 65. Bc4 {[%clk 0:01:12]} Bd1
{[%clk 0:23:06]} 66. Bb5 {[%clk 0:00:45]} b3 {[%clk 0:21:38]} 67. Ba4
{[%clk 0:00:35]} b2 {[%clk 0:22:02]} 68. Bxd1 {[%clk 0:00:51]} Nc4+
{[%clk 0:22:27]} 69. Nxc4 {[%clk 0:00:57]} b1=Q {[%clk 0:22:50]} 70. Be2
{[%clk 0:00:47]} Qg1+ {[%clk 0:22:22]} 71. Kf3 {[%clk 0:00:51]} Qg4+
{[%clk 0:22:45]} 72. Ke3 {[%clk 0:01:16]} Qxh4 {[%clk 0:23:06]} 73. e5+
{[%clk 0:01:22]} Kg5 {[%clk 0:23:18]} 74. d6 {[%clk 0:01:36]} Qf4+
{[%clk 0:23:23]} 75. Kd3 {[%clk 0:02:03]} h4 {[%clk 0:23:49]} 76. Nd2
{[%clk 0:01:49]} Qf5+ {[%clk 0:23:59]} 77. Ke3 {[%clk 0:01:23]} Qxe5+
{[%clk 0:24:20]} 78. Ne4+ {[%clk 0:01:45]} Kf5 {[%clk 0:24:37]} 79. Bd3
{[%clk 0:02:07]}

[Event "Iran Men Final Chess Championship2015"]
[Site "Iran - Tehran"]
[Date "2016.01.26"]
[Round "9"]
[Board "1"]
[White "Lorparizangeneh, Shahin"]
[Black "Mosadeghpour, Masoud"]
[Result "1-0"]
[WhiteElo "2442"]
[BlackElo "2475"]
[PlyCount "0"]
[EventDate "2016.01.20"]
[EventRounds "11"]
[EventCountry "IRI"]

1. Nf3 {[%clk 1:30:24]} d5 {[%clk 1:30:42]} 2. d4 {[%clk 1:28:34]} e6
{[%clk 1:30:11]} 3. c4 {[%clk 1:28:44]} c5 {[%clk 1:29:49]} 4. cxd5
{[%clk 1:28:07]} exd5 {[%clk 1:30:07]} 5. g3 {[%clk 1:28:20]} Nc6
{[%clk 1:29:38]} 6. Bg2 {[%clk 1:28:44]} Nf6 {[%clk 1:29:33]} 7. O-O
{[%clk 1:29:04]} Be7 {[%clk 1:29:54]} 8. Nc3 {[%clk 1:27:20]} O-O
{[%clk 1:29:36]} 9. Bg5 {[%clk 1:27:40]} c4 {[%clk 1:29:04]} 10. Ne5
{[%clk 1:26:42]} Be6 {[%clk 1:29:02]} 11. b3 {[%clk 1:25:20]} Qa5
{[%clk 1:25:46]} 12. Qd2 {[%clk 1:23:41]} Rad8 {[%clk 0:48:46]} 13. Nxc6
{[%clk 0:46:29]} bxc6 {[%clk 0:48:59]} 14. Rfd1 {[%clk 0:45:19]} Qa6
{[%clk 0:22:23]} 15. Na4 {[%clk 0:38:46]} Bg4 {[%clk 0:18:12]} 16. h3
{[%clk 0:30:37]} Bf5 {[%clk 0:16:11]} 17. Bxf6 {[%clk 0:25:32]} Bxf6
{[%clk 0:16:10]} 18. Nc5 {[%clk 0:24:56]} Qb6 {[%clk 0:09:50]} 19. Rac1
{[%clk 0:23:32]} cxb3 {[%clk 0:08:31]} 20. Nxb3 {[%clk 0:22:04]} Rb8
{[%clk 0:06:06]} 21. Qf4 {[%clk 0:19:42]} Bg6 {[%clk 0:03:58]} 22. Qd6
{[%clk 0:19:14]} Rfc8 {[%clk 0:03:25]} 23. e3 {[%clk 0:18:18]} a5
{[%clk 0:02:16]} 24. Qa3 {[%clk 0:16:41]} Ra8 {[%clk 0:00:59]} 25. Nc5
{[%clk 0:13:42]} Qb4 {[%clk 0:01:23]} 26. Qc3 {[%clk 0:13:58]} Be7
{[%clk 0:00:35]} 27. a3 {[%clk 0:12:54]} Qxc3 {[%clk 0:00:32]} 28. Rxc3
{[%clk 0:13:23]} Bd6 {[%clk 0:00:32]} 29. Rdc1 {[%clk 0:09:51]} Rab8
{[%clk 0:01:01]} 30. Bf3 {[%clk 0:06:59]} h5 {[%clk 0:00:37]} 31. Kg2
{[%clk 0:06:47]} f6 {[%clk 0:00:31]} 32. Nd7 {[%clk 0:04:41]} Rb7
{[%clk 0:00:36]} 33. Nc5 {[%clk 0:04:47]} Ra7 {[%clk 0:00:32]} 34. Na4
{[%clk 0:04:19]} Rd8 {[%clk 0:00:35]} 35. Rb3 {[%clk 0:04:25]} Be8
{[%clk 0:00:33]} 36. Rcc3 {[%clk 0:02:43]} Rb8 {[%clk 0:00:35]} 37. Rxb8
{[%clk 0:02:38]} Bxb8 {[%clk 0:01:04]} 38. Nb6 {[%clk 0:01:14]} Kf8
{[%clk 0:00:42]} 39. Na4 {[%clk 0:00:41]} Rb7 {[%clk 0:00:33]} 40. Nc5
{[%clk 0:00:36]} Ra7 {[%clk 0:00:31]} 41. Ne6+ {[%clk 0:00:46]} Kg8
{[%clk 0:25:06]} 42. Nd8 {[%clk 0:31:13]} Bd6 {[%clk 0:18:53]} 43. Nxc6
{[%clk 0:27:17]} Bxc6 {[%clk 0:18:57]} 44. Rxc6 {[%clk 0:27:42]} Bxa3
{[%clk 0:19:22]} 45. Bxh5 {[%clk 0:23:21]} a4 {[%clk 0:18:42]} 46. Rc8+
{[%clk 0:17:27]} Kh7 {[%clk 0:12:24]} 47. Bf3 {[%clk 0:17:28]} Ra5
{[%clk 0:10:58]} 48. Rd8 {[%clk 0:17:25]} Be7 {[%clk 0:11:05]} 49. Rd7
{[%clk 0:17:20]} a3 {[%clk 0:10:18]} 50. Bxd5 {[%clk 0:17:15]} Bf8
{[%clk 0:10:47]} 51. Ba2 {[%clk 0:15:45]} Rb5 {[%clk 0:11:13]} 52. Rd8
{[%clk 0:15:25]} Be7 {[%clk 0:11:04]} 53. Bg8+ {[%clk 0:13:25]} Kg6
{[%clk 0:10:24]} 54. Rd7 {[%clk 0:13:47]} Bf8 {[%clk 0:09:43]} 55. Bf7+
{[%clk 0:14:06]} Kh6 {[%clk 0:09:01]} 56. Rd8 {[%clk 0:14:11]} 1-0